Material Science & Metallurgy (Record no. 4994)

MARC details
000 -LEADER
fixed length control field 00368nam a22001577a 4500
005 - DATE AND TIME OF LATEST TRANSACTION
control field 20160701103406.0
008 - FIXED-LENGTH DATA ELEMENTS--GENERAL INFORMATION
fixed length control field 160701b xxu||||| |||| 00| 0 eng d
041 ## - LANGUAGE CODE
Language code of text/sound track or separate title eng
082 ## - DEWEY DECIMAL CLASSIFICATION NUMBER
Item number 20169
100 ## - MAIN ENTRY--AUTHOR NAME
Personal name khanna OP
245 ## - TITLE STATEMENT
Title Material Science & Metallurgy
260 ## - PUBLICATION, DISTRIBUTION, ETC. (IMPRINT)
Name of publisher Dhanpat
Year of publication 2015
300 ## - PHYSICAL DESCRIPTION
Number of Pages 58.16
650 ## - SUBJECT ADDED ENTRY--TOPICAL TERM
Topical Term Diploma Engineering
942 ## - ADDED ENTRY ELEMENTS (KOHA)
Koha item type Books
Holdings
Lost status Damaged status Home library Current library Shelving location Date acquired Cost, normal purchase price Full call number Accession Number Koha item type
    JRU Library   SHELF-46-I 01/07/2016 435.00 20169 20169 Books
    JRU Library   SHELF-46-I 01/07/2016 435.00 20169 20170 Books
    JRU Library   SHELF-46-I 01/07/2016 435.00 20169 20171 Books
    JRU Library   SHELF-46-I 01/07/2016 435.00 20169 20172 Books
    JRU Library   SHELF-46-I 01/07/2016 435.00 20169 20173 Books
    JRU Library   SHELF-46-I 01/07/2016 435.00 20169 20174 Books
    JRU Library   SHELF-46-I 01/07/2016 435.00 20169 20175 Books
    JRU Library   SHELF-46-I 01/07/2016 435.00 20169 20176 Books
    JRU Library   SHELF-46-I 01/07/2016 435.00 20169 20177 Books
    JRU Library   SHELF-46-I 01/07/2016 435.00 20169 20178 Books